000 00579nam a2200193Ia 4500
003 IN-BaIIA
008 211028s9999 xx 000 0 eng d
020 _a0-8142-0250-0
040 _cIIA Library
080 _a083.8:524.4
_bDIX
100 _aDixon, R. S.
_912309
245 2 _aA master list of nonstellar optical astronomical objects
_cR. S. Dixon And G. Sonneborn
260 _aOhio
_bOhio State University
_c1980
300 _a835p.
650 _aAstronomy and Astrophysics Thesaurus
650 _aOptical astronomy
_94227
700 _aSonneborn, G.
_912310
942 _cBK
999 _c7177
_d7177